Modi: (Record no. 210381)

MARC details
000 -LEADER
fixed length control field 00604nam a22002057a 4500
005 - DATE AND TIME OF LATEST TRANSACTION
control field 20250320101630.0
010 ## - LCCN (DPL NO)
LC control number ENG-144155
020 ## - INTERNATIONAL STANDARD BOOK NUMBER
International Standard Book Number 9789355433381
Terms of availability 899.00
035 ## - SYSTEM CONTROL NUMBER
System control number EN-127687
037 ## - SOURCE OF ACQUISITION
Source of stock number/acquisition Delivery Book Act Division
082 ## - DEWEY DECIMAL CLASSIFICATION NUMBER
Classification number 320.954
Edition number 1
100 ## - MAIN ENTRY--PERSONAL NAME
Personal name Merchant, Minhaz
245 ## - TITLE STATEMENT
Title Modi:
Remainder of title The Challenge of 2024/
Statement of responsibility, etc Minhaz Merchant
250 ## - EDITION STATEMENT
Edition statement 1
260 ## - PUBLICATION, DISTRIBUTION, ETC. (IMPRINT)
Place of publication, distribution, etc Uttar Pradesh
Name of publisher, distributor, etc Amaryllis
Date of publication, distribution, etc 2023
270 ## - ADDRESS
Address C-16, Sector-3, Noida
City Uttar Pradesh
Postal code 201301
300 ## - PHYSICAL DESCRIPTION
Extent 429p.
Dimensions 24cm(hb)
500 ## - GENERAL NOTE
General note The Battle for India
942 ## - ADDED ENTRY ELEMENTS (KOHA)
Source of classification or shelving scheme Dewey Decimal Classification
Item type English Books
Classification part 320.954
Call number suffix MER
Holdings
Withdrawn status Lost status Not for loan Collection code Home library Current library Date acquired Source of acquisition Cost, normal purchase price Full call number Barcode Copy number Cost, replacement price Koha item type
      Non-fiction Central Library Central Library 20/03/2025 Delivery of Books Act Division 899.00 320.954 MER EN-127687 1 899.00 English Books

© Delhi Public Library
Hit Counter
free hit counter